Európska regulácia správcov alternatívnych investičných fondov

Návrh smernice Európskej komisie o správcoch alternatívnych investičných fondov. Podmienky pôsobenia a udelenie povolenia. Investori a poskytovanie informácií regulátorom. Požiadavky na AIFS a smernica UCITS. Reakcia správcov na pripravovanú reguláciu. Stanovisko Ministerstva financií Slovenskej rep...

Descrizione completa

Salvato in:
Dettagli Bibliografici
Autore principale: Orbánová, Elvíra
Natura: Capitolo di libro
Lingua:slovacco
Soggetti:
Tags: Aggiungi Tag
Nessun Tag, puoi essere il primo ad aggiungerne!!

MARC

LEADER 00000nla$a2200000$$$4500
001 0116797
005 20240502072312.7
041 0 |a slo 
044 |a SK 
245 1 0 |a Európska regulácia správcov alternatívnych investičných fondov  |c Elvíra Orbánová 
520 |a Návrh smernice Európskej komisie o správcoch alternatívnych investičných fondov. Podmienky pôsobenia a udelenie povolenia. Investori a poskytovanie informácií regulátorom. Požiadavky na AIFS a smernica UCITS. Reakcia správcov na pripravovanú reguláciu. Stanovisko Ministerstva financií Slovenskej republiky k návrhu smernice. 
610 2 0 |a Európska únia 
610 2 0 |a Slovensko 
610 2 0 |a Európska komisia 
610 2 0 |a fondy investičné 
610 2 0 |a správy investičné 
610 2 0 |a investori 
610 2 0 |a investovanie kolektívne 
610 2 0 |a smernice 
610 2 0 |a regulácia 
100 1 |a Orbánová, Elvíra